000 00846mam a2200265 a 4500
008
020 _a0316475858 (pbk.)
049 _aMAIN
090 _aRC76
_bCLI
245 0 0 _aClinical diagnosis :
_ba physiologic approach /
_cedited by Richard D. Judge, George D. Zuidema, Faith T. Fitzgerald ; with illustrations by Mary Ann Olson and Leslie H. Arwin.
250 _a5th ed.
260 _aBoston :
_bLittle, Brown,
_cc1989.
300 _ax, 642 p. :
_bill. ;
_c24 cm.
500 _aIncludes index.
650 2 _aDiagnosis
650 2 _aPhysical Examination
700 1 _aJudge, Richard D.
700 1 _aZuidema, George D.
700 1 _aFitzgerald, Faith T.
907 _a.b10291088
_b14-02-12
_c14-02-11
003
005 20230120204107.0
040 _cNUST
942 _cBOOKS
_kRC76
_mCLI
999 _c116995
_d116995